Todo se desmorona (Registro nro. 78615)

Detalles MARC
000 -ENCABEZADO
Número de control [NR] 00930nam a2200253Ia 4500
008 - DE LONGITUD FIJA DE DATOS DE ELEMENTOS - INFORMACIÓN GENERAL
Elementos de longitud fija [NR] 130821s2010 sp gr spa
020 ## - NUMERO INTERNACIONAL NORMALIZADO PARA LIBROS [R]
Número Internacional Normalizado del libro [NR] 978 84 9908 269 1
040 ## - FUENTE DE CATALOGACION [NR]
Agencia de catalogación original [NR] Co-BoUCM
Idioma de catalogación [NR] spa
041 00 - CODIGO DE IDIOMA [R]
Código de idioma para texto/pista de sonido o título separado [R] Español
100 1# - ASIENTO PRINCIPAL--NOMBRE PERSONAL [NR]
Nombre personal [NR] Achebe, Chinua
Fechas asociadas con el nombre [NR] 1930-
ID Autoridad 170032
245 10 - MENCION DE TITULO [NR]
Título [NR] Todo se desmorona
Mención de responsabilidad, etc. [NR] Chinua Achebe ; prólogo de Marta Sofía López Rodríguez ; traducción de José Manuel Alvarez Flórez
250 ## - MENCION DE EDICION [NR]
Mención de edición [NR] 2a. ed.
260 ## - PUBLICACION, DISTRIBUCION, ETC. (PIE DE IMPRENTA) [R]
Lugar de publicación, distribución, etc. [R] Barcelona (España)
Nombre del editor, distribuidor, etc. [R] Debolsillo Random House Mondadori
Fecha de publicación, distribución, etc. [R] 2010
300 ## - DESCRIPCION FISICA [R]
Extensión [R] 205 páginas
490 ## - MENCION DE SERIE [R]
Mención de serie [R] Debolsillo.
-- Contemporánea
650 ## - ASIENTO SECUNDARIO DE MATERIA - TERMINO TEMATICO [R]
Término temático o nombre geográfico como elemento de entrada [NR] Historia de África
9 (RLIN) 26505
650 ## - ASIENTO SECUNDARIO DE MATERIA - TERMINO TEMATICO [R]
Término temático o nombre geográfico como elemento de entrada [NR] Literatura nigeriana
9 (RLIN) 18713
650 ## - ASIENTO SECUNDARIO DE MATERIA - TERMINO TEMATICO [R]
Término temático o nombre geográfico como elemento de entrada [NR] Novela nigeriana
9 (RLIN) 20549
700 1# - ASIENTO SECUNDARIO - NOMBRE PERSONAL [R]
Nombre personal [NR] Álvarez Flórez, José Manuel
Término de relación [R]
9 (RLIN) 119062
700 1# - ASIENTO SECUNDARIO - NOMBRE PERSONAL [R]
Nombre personal [NR] Lopez Rodríguez, Marta Sofía
Término de relación [R]
9 (RLIN) 170033
765 ## - ASIENTO DE IDIOMA ORIGINAL [R]
Título [NR] Things fall apart.
942 ## - ELEMENTOS DE ENTRADA AGREGADOS (KOHA)
Tipo de ítem principal el descrito en 300a Libro
Tema principal Literatura
Edición 2
Parte restante de la signatura top. A177t
Sistema de clasificación DEWEY
Clasificación 896
Existencias
Fecha de último préstamo Total préstamos Total Renewals Signatura topográfica Código de barras Prestado Última vez visto Ejemplar Price effective from Tipo de ítem Perdido Sistema de clasificación Dañado No prestable Tipo de ítem específico Suprimido Ubicación habitual Ubicación actual Localización Fecha de creación Forma de adquisición Costo
22/06/2026 38 39 896 A177t 100122095 22/07/2026 22/06/2026 Ej.1 03/02/2013 Libro   DEWEY     Libro   Claustro Claustro 2do piso 30/09/2011   26000.00